• 首页
  • 本馆介绍
  • 公告通知
  • 最新文献
  • 馆藏检索
  • 电子资源
  • 读者导购
  • 参考咨询
  • 我的图书馆
  • 登录
  • 详细信息显示
  • 放入我的书架
  • 预约/预借图书
  • 作者相关作品
  • 分类相关作品
  • 丛书相关作品
  • 出版社相关作品

书目信息

  • 表格格式
  • 工作单格式
  • 卡片格式
题名:
中国革命史
    
 
作者: 浙江大学 编
分册:  
出版信息: 杭州   浙江大学出版社  1987.8
页数: 423页
开本: 20cm
丛书名:
单 册:
中图分类: K2
科图分类:
主题词: 中国--历史
电子资源:
ISBN: 7-308-00031-1
000 00526nam0 2200193 45
001 0312221749
005 20050415111609.4
010    @a7-308-00031-1@dCNY2.16
100    @a20031222d1987 km y0chiy0120 ea
101    @achi
105    @a z 000yy
200 1  @a中国革命史@AZhong Guo Ge Ming Shi@f浙江大学编@FZhe Jiang Da Xue Bian
210    @a杭州@c浙江大学出版社@d1987.8
215    @a423页@d20cm
606 0  @a中国@x历史
690    @aK2@v3
701 0  @a浙江大学@4编
801    @aCN@bTSTCL@c20031222
905    @dK2@e30@b209673@f1
    
    中国革命史/浙江大学编.-杭州:浙江大学出版社,1987.8
    423页;20cm
    
    
    ISBN 7-308-00031-1:CNY2.16
    
●
相关链接 在E读中查询图书 在五车中查询图书 在当当中查询图书 在豆瓣中查询图书


正题名:中国革命史     索取号:K2/30         预约/预借

序号 登录号 条形码 馆藏地/架位号 状态 备注
1 0209672   001207731   密集书库/ [索取号:K2/30] 在馆    
2 0209673   002007526   密集书库/ [索取号:K2/30] 在馆    
3 0209674   202113872   第二样本阅览室/ [索取号:K2/30] 在馆    
唐山师范学院图书馆 欢迎您!
大连网信软件有限公司© 版权所有